000 00787nam a2200277 i 4500
001 15608
003 ES-MaACL
005 20240131063027.0
007 t|
008 000405s1999 sp ||||0| spa j
020 _a84-01-37627-0
040 _aM-BN
_bspa
_cM-BN
080 _a329(460.15)(091)
080 _a323.28(460)
100 1 _aBatista, Antoni.
_926430
_eaut
245 1 0 _aDiario privado de la guerra vasca /
_cAntoni Batista.
250 _a1ª ed.
260 _aBarcelona :
_bPlaza & Janés,
_c1999.
300 _a383 p. ;
_c22 cm.
610 2 _aETA-
_vHistoria.
_9161842
650 1 4 _aTerrorismo-
_xEspaña.
_917495
852 _aES-MaACL
_jL-22704
_bR.128057
942 _cMONOGRAFIA
_n0
999 _c15608
_d15608